000 00365nam a2200145Ia 4500
005 20251222153614.0
008 251222s9999||||xx |||||||||||||| ||spa||
020 _a9785124591969
082 _a800.71/H83
100 _aHuamán, Miguel Ángel
245 0 _aLa Formación Humanista:
250 _a1ra.ed.
264 _bUniversidad Científica el Sur
942 _cLIB
999 _c31736
_d31736